[Event "Harburg-ch Gruppe J"]
[Site "Hamburg"]
[Date "2010.08.22"]
[Round "5.1"]
[White "Skambraks, Torge"]
[Black "Sakel, Nicolai"]
[Result "1/2-1/2"]
[WhiteElo "1179"]
[BlackElo "1332"]
[PlyCount "54"]
[EventDate "2010.08.20"]
[EventType "swiss"]
[EventRounds "5"]
[EventCountry "GER"]
[SourceDate "2010.08.20"]

1. e4 Nf6 2. e5 Nd5 3. Nc3 Nxc3 4. dxc3 d6 5. exd6 cxd6 6. Be3 Nc6 7. Nf3 g6 8.
Qd2 Bg7 9. h4 h5 10. Bd3 Bd7 11. O-O-O Qa5 12. Kb1 Rb8 13. Rdf1 b5 14. g3 b4
15. c4 Ne5 16. Nxe5 Qxe5 17. Qc1 a5 18. Re1 O-O 19. Ba7 Qf6 20. Bxb8 Rxb8 21.
Re2 a4 22. Rhe1 e6 23. Rf1 b3 24. c3 Qd8 25. a3 Qb6 26. Qe3 Qc7 27. Qc1 Qb6
1/2-1/2

[Event "Harburg-ch Gruppe J"]
[Site "Hamburg"]
[Date "2010.08.22"]
[Round "5.2"]
[White "Wilhelm, Restislav Paul"]
[Black "Buntrock, Jannis"]
[Result "1/2-1/2"]
[WhiteElo "1048"]
[BlackElo "1041"]
[PlyCount "110"]
[EventDate "2010.08.20"]
[EventType "swiss"]
[EventRounds "5"]
[EventCountry "GER"]
[SourceDate "2010.08.20"]

1. c4 e5 2. Nc3 Nf6 3. g3 Bc5 4. Bg2 Nc6 5. e3 O-O 6. Nge2 d6 7. O-O Bf5 8. d3
Rb8 9. e4 Bg4 10. h3 Be6 11. Kh2 h6 12. f4 exf4 13. Bxf4 Nh5 14. d4 Nxf4 15.
Rxf4 Bxd4 16. Nxd4 Bxc4 17. b3 Be6 18. Nxc6 bxc6 19. Rf2 Qg5 20. Qe2 Qe5 21.
Rc1 Rfe8 22. h4 Rb4 23. Qf3 Rf8 24. Bh3 Bxh3 25. Kxh3 Qc5 26. Ne2 Qb6 27. Nf4
Rxe4 28. Qxe4 Qxf2 29. Qxc6 Qxa2 30. Qxc7 Qxb3 31. Qxd6 a5 32. Nd5 Qb8 33. Qxb8
Rxb8 34. Ne7+ Kf8 35. Nc6 Rc8 36. Rc2 a4 37. Nb4 Rxc2 38. Nxc2 g6 39. Kg4 Kg7
40. h5 Kf6 41. Na3 g5 42. Kf3 Kf5 43. g4+ Ke5 44. Nc4+ Ke6 45. Ke4 f6 46. Na3
f5+ 47. gxf5+ Kf6 48. Nc4 g4 49. Kf4 g3 50. Kxg3 Kxf5 51. Kh4 Kf4 52. Na3 Kf5
53. Nc4 Kf4 54. Na3 Kf5 55. Nc4 Kf4 1/2-1/2